Reingeniería del sistema de servicios médicos previsionales y privados del centro quirúrgico Los Chilamates

Este documento presenta una descripción general del centro quirúrgico Cía. Ltda., estructura organizativa, razón de ser de la Empresa Médica, proceso general del servicio de atención médica, relación cliente-mercado, servicios médicos brindados y metas futuras. La aplicación de la reingen...

Full description

Bibliographic Details
Main Authors: Acuña Membreño, Francisco, Gámez Ulloa, Ricardo Martín, López Guadamuz, Francisco Javier
Other Authors: Tutor: López Guadamuz, Juan José
Format: Tesis Section = Libro
Language:Undetermined
Spanish
Published: Managua UNI 1999
Subjects:
LEADER 01416nam a2200253Ia 4500
008 240830s9999 xx 000 0 und d
040 |a BIBLIOTECA-RUPAP Mon 616.9802 A184 
041 |a spa 
082 |a Mon 616.9802 A184 
100 1 |a Acuña Membreño, Francisco 
100 1 |b  Gámez Ulloa, Ricardo Martín 
100 1 |c  López Guadamuz, Francisco Javier 
245 1 0 |a Reingeniería del sistema de servicios médicos previsionales y privados del centro quirúrgico Los Chilamates 
260 |a Managua  |b UNI  |c 1999 
300 |a 143 p. :il. 
500 |a Contiene: Dos documentos anexos. 
502 |a Tesis (Ingeniero Industrial)- UNI, 1999. 
520 3 |a Este documento presenta una descripción general del centro quirúrgico Cía. Ltda., estructura organizativa, razón de ser de la Empresa Médica, proceso general del servicio de atención médica, relación cliente-mercado, servicios médicos brindados y metas futuras. La aplicación de la reingeniería como hilo conductor del diseño en conjunto con el planeamiento estratégico como parte integral del mismo, esto con el objetivo de conocer la aplicación de herramientas tradicionales de la reingeniería en el área de gestión de servicios médicos. 
650 7 |a SERVICIOS MÉDICOS 
650 7 |b  ATENCIÓN MEDICA 
700 1 |a Tutor:  |b López Guadamuz, Juan José 
942 |c BK  |2 ddc 
991 |a TESIS 
999 |c 15672